01203 2200289 4500001002100000005001500021035002000036007000300056008004100059020002200100082001100122084002000133100003300153245014500186250002800331300003200359650001200391650002000403700003100423504003000454520030600484264003300790336002100823337003000844338002300874990001600897INLIS00000000116407520240703105952 a0010-0724000015ta240703 g 0 ind  a978-623-6083-72-7 a2X4.37 aSR 2X4.37 AHM j0 aAhmad Rifa'i Rif'anepenulis1 aJangan jadi orang tua durhaka :bpanduan parenting islami untuk keluarga muslim masa kini /cAhmad Rifa'i Rif'an; penyunting, Jajang Hartono aCetakan 1, Januari 2024 axxiii, 200 halaman ;c21 cm 4aHadanah 4aPendidikan anak0 aJajang Hartonoepenyunting aBibliografi : halaman 197 aBuku ini hadir menjadi pengingat bagi para orang tua ataupun calon orang tua dalam mendidik dan membersamai tumbuh kembang anak. Terkadang kita lupa hal-hal mendasar yang ternyata menjadi kunci penting dalam mendidik anak. Buku ini bisa jadi pegangan kita untuk menjadi orang tua yang lebih baik lagi. aJakarta :bRene Islam,c2024 2rdacontentaTeks 2rdamediaaTanpa perantara 2rdacarrieraVolume a53030.65850